| 000 | 00000nam##2200000za#4500 |
| 001 | 9.699319 |
| 003 | CaOODSP |
| 005 | 20250129103339 |
| 007 | cr ||||||||||| |
| 008 | 150407|2014||||xxc|||||o f|0| 0 eng|d |
| 020 | |a978-1-100-23716-9 |
| 040 | |aCaOODSP|beng |
| 043 | |an-cn--- |
| 086 | 1 |aEn56-248/2014E-PDF |
| 110 | 2 |aMeteorological Service of Canada. |
| 245 | 10|aKelowna PM2.5 characterization monitoring project 2006–2007 : |h[electronic resource]|bfinal report / |c[by] Keith Jones. |
| 260 | |aOttawa - Ontario : |bEnvironment Canada. |cc2014. |
| 300 | |a46p.|bfigs., graphs, references, tables |
| 590 | |a15-11|b2015-03-13 |
| 690 | 07|aAir quality|2gcpds |
| 690 | 07|aPollutants|2gcpds |
| 775 | 08|tProjet de suivi de la caractérisation des MP2,5 de Kelowna 2006-2007 : |w(CaOODSP)9.643308 |
| 856 | 40|ahttp://publications.gc.ca|qPDF|s3.89 MB|uhttps://publications.gc.ca/collections/collection_2015/ec/En56-248-2014-eng.pdf |